[Event "GER-ch U12"]
[White "Leonhardt, Max"]
[Black "Grabowski, Joshua"]
[Site "Willingen"]
[Round "7"]
[Result "1/2-1/2"]
[Date "2024.05.23"]
[WhiteElo "1691"]
[BlackElo "1532"]
[PlyCount "110"]
[EventDate "2024.05.19"]
[EventType "swiss"]
[EventRounds "9"]
[EventCountry "GER"]
[SourceTitle "CBM 220 Extra"]
[Source "ChessBase"]
[SourceDate "2024.07.31"]
[SourceVersion "1"]
[SourceVersionDate "2024.07.31"]
[SourceQuality "1"]

1. Nf3 d5 2. g3 c5 3. Bg2 Nc6 4. c4 e6 5. cxd5 exd5 6. d4 Nf6 7. 0-0 cxd4 8. Nxd4 Bc5 9. Nb3 Be7 10. Bg5 0-0 11. e3 h6 12. Bxf6 Bxf6 13. a3 Bxb2 14. Ra2 Bf6 15. Bxd5 Bf5 16. Bg2 Be6 17. Rd2 Qb6 18. Nd4 Nxd4 19. exd4 Bb3 20. Qf3 Bc4 21. Rc1 Ba6 22. Qc3 Kh7 23. Bh3 Rad8 24. Rcd1 Qc6 25. Qxc6 bxc6 26. Bg2 Rc8 27. Rc1 Rfd8 28. Bxc6 Rxd4 29. Rxd4 Bxd4 30. Be4+ g6 31. Rxc8 Bxc8 32. Nd2 Bc5 33. a4 Bb4 34. Nc4 a5 35. Ne5 Kg7 36. Bc2 Kf6 37. f4 Bc3 38. Nc4 Ba6 39. Ne3 Bd4 40. Kf2 g5 41. Kf3 Bb7+ 42. Be4 Bxe4+ 43. Kxe4 Bxe3 44. Kxe3 Kf5 45. fxg5 hxg5 46. h3 Ke5 47. Kf3 Kf5 48. h4 gxh4 49. gxh4 Kg6 50. Kg4 f5+ 51. Kf4 Kh5 52. Kxf5 Kxh4 53. Kf4 Kh5 54. Ke5 Kg6 55. Ke6 Kg7 1/2-1/2